Qui a dit ? ( Spécial pire punchline) - Statistiques

Statistiques générales
  • Ce quiz a été pris 62 fois
  • Le résultat moyen est 3 sur 10
Statistiques - réponses
Hint Réponse % Correct
"Elle pense que j'suis en train d'la do*gter, je lui mets mon gros doigt d'pied" Kaaris
90%
"Frère si je sors la AK, je sais qu'ils feront tous caca" Lacrim
52%
"Tu sers à rien comme un brocoli" Niska
27%
"J'crache sur tes règles, ça fait ketchup/mayo" Orelsan
21%
"J’ai mangé trop de problèmes, donc j’en ch*e des solutions" Gims
19%
"J'voulais-voulais qu'tu sois la femme de ma life. J'avais la diarrhée car l'amour rend malade" Lorenzo
15%
"Les barettes se ressemblent toutes comme les mecs au Japon" Maes
15%
"N*que ta mère t'auras des Nike Air. Nikoumouk t'auras des Reebok" Seth gueko
15%
"Ma b*te n’a pas d’œil mais elle a du flair : Tu pues du cul" Rohff
6%
"Les profs de maths à Nazareth n'enseignent pas les produits en croix" Dinos
4%
Aucun quiz correspondant
Distribution des résultats
% des personnes avec chaque résultat
Percentile par nombre de réponses
Votre historique - résultats
Vous n’avez pas pris ce quiz